000 01105nam a2200337Ia 4500
001 Para_7236
003 CHAP
008 220125s1936 xx 000 0 und d
010 _a206122
040 _cCHAP
082 _aPA-C 631.81 B85
100 _aCooper, J. R.
_9172289
245 _aFertilizers for irish potatoes, sweet potatoes, tomatoes, muskmelons and watermelons /
_c by J. R. Cooper, V. M. Watts
260 _aFayetteville, Ark :
_b University of Arkansas. Agricultural Experiment Station
300 _a32 p.
440 _aBulletin ; 333
_9172290
500 _aEnc. con impresos similares
650 _aAbonos
_x efecto en sandía
_9262
650 _aFertilizantes
_x coleciones y escritos
_9172261
650 _aFertilizantes para melón
_9172291
650 _aFertilizantes para papa
_940631
650 _aFertilizantes para tomate
_940639
700 _aWatts, V. M.
_9172292
901 _aPA-C 631.81 B85
902 _aA
905 _a0000001936 n 0000000000 00
910 _a1936
942 _cPARA
942 _cPARA
_d1
999 _c206122
_d206122